مشرق مین اسلامی تہذیب کے آثار بنگال میں عربی اور فارسی کتبات (Record no. 545679)
[ view plain ]
| 000 -LEADER | |
|---|---|
| fixed length control field | 00503nam a22001457a 4500 |
| 082 ## - DEWEY DECIMAL CLASSIFICATION NUMBER | |
| Classification number | 954.02 |
| Author Mark | YOU |
| -- | N-01,P-79 |
| 100 ## - MAIN ENTRY--PERSONAL NAME | |
| Personal name | Yousaf Sidique |
| 9 (RLIN) | 41618 |
| 245 ## - TITLE STATEMENT | |
| Title | مشرق مین اسلامی تہذیب کے آثار بنگال میں عربی اور فارسی کتبات |
| 260 ## - PUBLICATION, DISTRIBUTION, ETC. | |
| Place of publication, distribution, etc. | Islamabad.: |
| Name of publisher, distributor, etc. | Nust Printing Press. |
| Date of publication, distribution, etc. | 2013. |
| 300 ## - PHYSICAL DESCRIPTION | |
| Extent | xxviii; 651p. |
| Other physical details | ill. |
| 526 ## - STUDY PROGRAM INFORMATION NOTE | |
| Program name | 0 |
| Interest level | 0 |
| Reading level | 0 |
| Title point value | 954_020000000000000_YOU |
| 526 ## - STUDY PROGRAM INFORMATION NOTE | |
| Program name | 0 |
| Interest level | 0 |
| Reading level | 0 |
| Title point value | 954_020000000000000_YOU |
| 650 ## - SUBJECT ADDED ENTRY--TOPICAL TERM | |
| Topical term or geographic name entry element | NUST |
| 9 (RLIN) | 6342 |
| 942 ## - ADDED ENTRY ELEMENTS (KOHA) | |
| Source of classification or shelving scheme | |
| Koha item type | Book |
| Withdrawn status | Lost status | Source of classification or shelving scheme | Damaged status | Not for loan | Permanent Location | Current Location | Date acquired | Total Checkouts | Full call number | Barcode | Date last seen | Price effective from | Koha item type |
|---|---|---|---|---|---|---|---|---|---|---|---|---|---|
| Military College of Engineering (MCE) | Military College of Engineering (MCE) | 05/27/2014 | 954.02 YOU | MCE-50093 | 05/27/2014 | 05/27/2014 | Book | ||||||
| Military College of Engineering (MCE) | Military College of Engineering (MCE) | 05/27/2014 | 954.02 YOU | MCE-50094 | 05/27/2014 | 05/27/2014 | Book |
